01385nam a22002057a 450000500170000000800410001702000180005804000070007604100080008308200210009110000160011224500490012825000120017726000540018930000310024336500700027452007830034465000350112770000170116220231117123838.0231113b ||||| |||| 00| 0 eng d a9789389802559 cAL aeng 223a001.42bKOTR aKothari C R aResearch methodology: Methods and techniques a5th ed. aNew DelhibNew age International publishersc2024 axvii,464p.bPBc24x16.8cm. 2GeneralaABDI/0723/23b₹374.25c₹d₹499.00e25%f27-10-2023 a"The fifth multi colour edition of this book is well-equipped to make learning more systematic. Many details are added to previous chapters keeping in mind the need of advanced data analysis in social science research. The usage of popular statistical package SPSS has also been shown through many examples. It is important to adopt an appropriate methodology in quality research. The present book provides the basic and advanced level discussion on research methodology so that the researchers may become familiar with the art of using research methods and techniques. The book is intended to serve as a textbook for social science students at graduate and postgraduate level. The book can be taken as a well-organised guide for researchers in social science and other areas. " 2ResearchaResearch methodology aGarg, Gaurav